<?xml version="1.0" encoding="UTF-8"?>
<record
    xmlns:xsi="http://www.w3.org/2001/XMLSchema-instance"
    xsi:schemaLocation="http://www.loc.gov/MARC21/slim http://www.loc.gov/standards/marcxml/schema/MARC21slim.xsd"
    xmlns="http://www.loc.gov/MARC21/slim">

  <leader>02168nam a22002897a 4500</leader>
  <datafield tag="999" ind1=" " ind2=" ">
    <subfield code="c">21744</subfield>
    <subfield code="d">21744</subfield>
  </datafield>
  <controlfield tag="003">AR-CdUCM</controlfield>
  <controlfield tag="008">190425b           ||||| |||| 00| 0 spa d</controlfield>
  <datafield tag="040" ind1=" " ind2=" ">
    <subfield code="a">MUNICIPALIDAD PROVINCIAL DEL CUSCO</subfield>
    <subfield code="c">BIBLIOTECA MUNICIPAL DEL CUSCO</subfield>
  </datafield>
  <datafield tag="082" ind1=" " ind2=" ">
    <subfield code="a">Rev.Univ/N&#xB0;88,89/1945</subfield>
    <subfield code="b">Rev.Univ/N&#xB0;88,89/1945</subfield>
  </datafield>
  <datafield tag="110" ind1=" " ind2=" ">
    <subfield code="a">Universidad Nacional de San Antonio Abad del Cusco</subfield>
    <subfield code="9">15942</subfield>
  </datafield>
  <datafield tag="245" ind1=" " ind2=" ">
    <subfield code="a">Revista Universitaria :</subfield>
    <subfield code="b">&#xD3;rgano de la Universidad del Cuzco /</subfield>
  </datafield>
  <datafield tag="260" ind1=" " ind2=" ">
    <subfield code="a">Cusco :</subfield>
    <subfield code="b">H.G. Rozas,</subfield>
    <subfield code="c">1945.</subfield>
  </datafield>
  <datafield tag="300" ind1=" " ind2=" ">
    <subfield code="a">197 p&#xE1;ginas. :</subfield>
    <subfield code="c">20 cm.</subfield>
  </datafield>
  <datafield tag="440" ind1=" " ind2=" ">
    <subfield code="a">Revista Universitaria</subfield>
    <subfield code="n">A&#xF1;o XXXIV, 1&#xB0;y 2&#xB0; semestre 1945, N&#xB0;88,89</subfield>
    <subfield code="9">45941</subfield>
  </datafield>
  <datafield tag="505" ind1=" " ind2=" ">
    <subfield code="a">Contenido: La Universidad Nacional del Cuzco a sus hermanas de Am&#xE9;rica y Espa&#xF1;a con motivo del cuarto de milenio de su fundaci&#xF3;n 1696-1946. Alfredo Y&#xE9;pez Miranda. -- La evoluci&#xF3;n del pensamiento matem&#xE1;tico. Alberto Corazao. -- La Universidad de San Antonio Abad del Cuzco somera sinopsis de su historia. Jos&#xE9; Gabriel Cos&#xED;o. -- Un breve entredicho en la Universidad del Cuzco. Manuel Nieto. -- S&#xED;ntesis hist&#xF3;rica de la tricentenaria Universidad del Cuzco. Juli&#xE1;n Santisteban Ochoa. -- Los grandes maestros de la Universidad. V&#xED;ctor Guillen. -- Vocabulario segundo del Castellano al Indico. Diego Torres Rubio en 1619, aumentado despu&#xE9;s con los vocablos de la lengua Chinchaysuyo por el padre Juan de Figueredo. Luis A. Pardo. -- Gonzales Prada profeta. Luis Velasco Arag&#xF3;n. -- El circuito de los materiales terrestres. Juvenal Salas Rodr&#xED;guez. -- El sacrilegio de Don Fadrique tradici&#xF3;n cuzque&#xF1;a. &#xC1;ngel Carre&#xF1;o. -- Influencia de la m&#xFA;sica incaica en el cancionero del norte argentino, un nuevo libro por Policarpo Caballero. Horacio Villanueva Urteaga.</subfield>
  </datafield>
  <datafield tag="650" ind1=" " ind2=" ">
    <subfield code="a">Universidad Nacional de San Antonio Abad del Cusco</subfield>
    <subfield code="9">15944</subfield>
  </datafield>
  <datafield tag="650" ind1=" " ind2=" ">
    <subfield code="a">M&#xFA;sica inka</subfield>
    <subfield code="9">45848</subfield>
  </datafield>
  <datafield tag="650" ind1=" " ind2=" ">
    <subfield code="a">Castellano</subfield>
    <subfield code="9">7963</subfield>
  </datafield>
  <datafield tag="650" ind1=" " ind2=" ">
    <subfield code="a">Quechua</subfield>
    <subfield code="9">2063</subfield>
  </datafield>
  <datafield tag="700" ind1=" " ind2=" ">
    <subfield code="a">Villanueva Urteaga, Horacio</subfield>
    <subfield code="9">5790</subfield>
  </datafield>
  <datafield tag="700" ind1=" " ind2=" ">
    <subfield code="a">Carre&#xF1;o, &#xC1;ngel</subfield>
    <subfield code="9">27901</subfield>
  </datafield>
  <datafield tag="700" ind1=" " ind2=" ">
    <subfield code="a">Santiesteban Ochoa, Juli&#xE1;n</subfield>
    <subfield code="9">29993</subfield>
  </datafield>
  <datafield tag="700" ind1=" " ind2=" ">
    <subfield code="a">Cos&#xED;o, Jos&#xE9; Gabriel</subfield>
    <subfield code="9">11720</subfield>
  </datafield>
  <datafield tag="710" ind1=" " ind2=" ">
    <subfield code="a">Universidad Nacional de San Antonio Abad del Cusco</subfield>
    <subfield code="9">15942</subfield>
  </datafield>
  <datafield tag="942" ind1=" " ind2=" ">
    <subfield code="2">ddc</subfield>
    <subfield code="c">PP</subfield>
  </datafield>
  <datafield tag="945" ind1=" " ind2=" ">
    <subfield code="a">rac</subfield>
  </datafield>
  <datafield tag="952" ind1=" " ind2=" ">
    <subfield code="0">0</subfield>
    <subfield code="2">ddc</subfield>
    <subfield code="4">0</subfield>
    <subfield code="7">0</subfield>
    <subfield code="a">HEM</subfield>
    <subfield code="b">HEM</subfield>
    <subfield code="c">CART</subfield>
    <subfield code="d">2021-05-03</subfield>
    <subfield code="g">10.00</subfield>
    <subfield code="o">Rev.Univ/N&#xB0;88,89/1945</subfield>
    <subfield code="p">REVC000109</subfield>
    <subfield code="r">2021-05-03</subfield>
    <subfield code="y">PP</subfield>
  </datafield>
  <datafield tag="952" ind1=" " ind2=" ">
    <subfield code="0">0</subfield>
    <subfield code="2">ddc</subfield>
    <subfield code="4">0</subfield>
    <subfield code="7">0</subfield>
    <subfield code="a">HEM</subfield>
    <subfield code="b">HEM</subfield>
    <subfield code="c">CART</subfield>
    <subfield code="d">2021-05-03</subfield>
    <subfield code="g">10.00</subfield>
    <subfield code="o">Rev.Univ/N&#xB0;88,89/1945/e.2</subfield>
    <subfield code="p">REVC000110</subfield>
    <subfield code="r">2021-05-03</subfield>
    <subfield code="y">PP</subfield>
  </datafield>
  <datafield tag="952" ind1=" " ind2=" ">
    <subfield code="0">0</subfield>
    <subfield code="2">ddc</subfield>
    <subfield code="4">0</subfield>
    <subfield code="7">0</subfield>
    <subfield code="a">HEM</subfield>
    <subfield code="b">HEM</subfield>
    <subfield code="c">CART</subfield>
    <subfield code="d">2021-05-03</subfield>
    <subfield code="g">10.00</subfield>
    <subfield code="o">Rev.Univ/N&#xB0;88,89/1945/e.3</subfield>
    <subfield code="p">REVC000111</subfield>
    <subfield code="r">2021-05-03</subfield>
    <subfield code="y">PP</subfield>
  </datafield>
</record>
